Normal view MARC view

Entry Topical Term

Number of records used in: 1

001 - CONTROL NUMBER

  • control field: 49568

003 - CONTROL NUMBER IDENTIFIER

  • control field: dpl

005 - DATE AND TIME OF LATEST TRANSACTION

  • control field: 20120627105223.0

008 - FIXED-LENGTH DATA ELEMENTS

  • fixed length control field: 120627|||a|||||| | ||| d

040 ## - CATALOGING SOURCE

  • Original cataloging agency: dpl
  • Transcribing agency: dpl

150 ## - HEADING--TOPICAL TERM

  • Topical term or geographic name as entry element: Caste
  • Geographic subdivision: Nepal.

670 ## - SOURCE DATA FOUND

  • Source citation: Work cat.: (dpl)50008: Lecomte-Tilouine, Marie 49565, Hindu kingship, ethnic revival, and Maoist rebellion in Nepal /, 2011

670 ## - SOURCE DATA FOUND

  • Source citation: Work cat.: (dpl)50008: Lecomte-Tilouine, Marie 49565, Hindu kingship, ethnic revival, and Maoist rebellion in Nepal /, 2011

© Delhi Public Library
Hit Counter
free hit counter